[Event "Oberliga Nord W 0607"]
[Site "Germany"]
[Date "2006.11.19"]
[Round "3.8"]
[White "Schnur, Gerhard"]
[Black "Schulz, Thomas"]
[Result "0-1"]
[WhiteElo "2093"]
[BlackElo "2182"]
[PlyCount "110"]
[EventDate "2006.10.15"]
[EventType "team-tourn"]
[EventRounds "9"]
[EventCountry "GER"]
[SourceTitle "EXT 2008"]
[Source "ChessBase"]
[SourceDate "2007.11.25"]
[SourceVersion "1"]
[SourceVersionDate "2007.11.25"]
[SourceQuality "1"]
[WhiteTeam "Oldenburg Union"]
[BlackTeam "Hannover PSC"]
[WhiteTeamCountry "GER"]
[BlackTeamCountry "GER"]

1. d4 Nf6 2. c4 c5 3. d5 e6 4. Nc3 exd5 5. cxd5 d6 6. e4 g6 7. Be2 Bg7 8. Bg5 0-0 9. Qd2 Na6 10. f4 h6 11. Bh4 Nxe4 12. Bxd8 Nxd2 13. Bh4 Bxc3 14. bxc3 Ne4 15. Rc1 Nc7 16. c4 Bd7 17. Nf3 b5 18. 0-0 Rfe8 19. Bd3 bxc4 20. Bxc4 Bb5 21. Rfd1 Rab8 22. Nd2 Nxd2 23. Rxd2 Re4 24. Bb3 Rbe8 25. Bg3 f5 26. Bf2 Kg7 27. Bd1 Rxf4 28. Bf3 Rc4 29. Rb1 a5 30. Rdb2 Rb4 31. a3 Rxb2 32. Rxb2 Rd8 33. a4 Bxa4 34. Rb7 Rd7 35. Be1 Ne8 36. Bc3+ Kf7 37. Rxd7+ Bxd7 38. Bxa5 Ke7 39. Kf2 Bb5 40. h4 Nf6 41. Bd2 Bc4 42. Bxh6 Bxd5 43. Be2 Be4 44. Be3 Nd7 45. Bb5 Ne5 46. Kg3 Bd3 47. Ba4 Ke6 48. Kf4 Be2 49. Kg5 Bh5 50. Bc2 Nf7+ 51. Kf4 Kd5 52. Bb3+ c4 53. Bc2 Nd8 54. Ba7 Nc6 55. Be3 Nd4 0-1

[Event "Oberliga Nord W 0506"]
[Site "Germany"]
[Date "2006.01.15"]
[Round "5.8"]
[White "Schnur, Gerhard"]
[Black "Hoffmann, Lukas"]
[Result "1-0"]
[WhiteElo "2142"]
[BlackElo "2149"]
[PlyCount "91"]
[EventDate "2005.10.23"]
[EventType "team-tourn"]
[EventRounds "9"]
[EventCountry "GER"]
[SourceTitle "CBM 111 Extra"]
[Source "ChessBase"]
[SourceDate "2006.05.09"]
[SourceVersion "1"]
[SourceVersionDate "2006.05.09"]
[SourceQuality "1"]
[WhiteTeam "Oldenburg Union"]
[BlackTeam "Hannover Post"]
[WhiteTeamCountry "GER"]
[BlackTeamCountry "GER"]

1. d4 d5 2. c4 Nc6 3. cxd5 Qxd5 4. e3 e5 5. Nc3 Bb4 6. Bd2 Bxc3 7. bxc3 Qd6 8. Bd3 Nge7 9. Ne2 0-0 10. 0-0 b6 11. a4 Bg4 12. f3 Bh5 13. Bc1 Rfd8 14. Ng3 Bg6 15. Ba3 Qe6 16. Be4 Rac8 17. Qe2 Na5 18. Bb4 Nb3 19. Rad1 c5 20. dxc5 Nxc5 21. Rxd8+ Rxd8 22. Rd1 Rd7 23. Bxc5 bxc5 24. Bxg6 hxg6 25. Ne4 Rd5 26. Rb1 f6 27. Rb8+ Kh7 28. c4 Rd6 29. Nxd6 Qxd6 30. Rb2 Nf5 31. Kf2 Qc6 32. a5 Qa4 33. Ra2 Qb3 34. g4 Nd6 35. Qc2 Qb7 36. a6 Qc6 37. Qd3 e4 38. Qd5 Qc7 39. f4 f5 40. Rd2 Ne8 41. gxf5 Nf6 42. fxg6+ Kxg6 43. Qg5+ Kf7 44. Rb2 Qd6 45. Rb7+ Ke8 46. Qe5+ 1-0

[Event "Dresden ZMD op"]
[Site "Dresden"]
[Date "2005.07.27"]
[Round "5"]
[White "Schnur, Gerhard"]
[Black "Barz, Hans Werner"]
[Result "1-0"]
[WhiteElo "2142"]
[BlackElo "2021"]
[PlyCount "59"]
[EventDate "2005.07.23"]
[EventType "swiss"]
[EventRounds "9"]
[EventCountry "GER"]
[SourceTitle "EXT 2006"]
[Source "ChessBase"]
[SourceDate "2005.11.24"]
[SourceVersion "1"]
[SourceVersionDate "2005.11.24"]
[SourceQuality "1"]

1. d4 Nf6 2. c4 g6 3. Nc3 Bg7 4. e4 d6 5. Be2 0-0 6. Bg5 Nbd7 7. Qd2 c5 8. d5 a6 9. a4 Rb8 10. f3 Nb6 11. g4 e6 12. h4 exd5 13. cxd5 Qe8 14. Nh3 Bd7 15. a5 Nc8 16. Nf2 Bb5 17. h5 Bxe2 18. Nxe2 b5 19. Bh6 Rb7 20. Bxg7 Kxg7 21. hxg6 fxg6 22. Qh6+ Kg8 23. Nf4 Qf7 24. Ne6 Re8 25. Nh3 Nxe4 26. fxe4 Qf3 27. Nf2 Rf7 28. Rh2 Qb3 29. Qd2 Rf3 30. Ra3 1-0

[Event "Oberliga Nord W 0405"]
[Site "Germany"]
[Date "2004.10.24"]
[Round "1.8"]
[White "Jahn, Olaf"]
[Black "Schnur, Gerhard"]
[Result "1/2-1/2"]
[WhiteElo "2152"]
[BlackElo "2142"]
[PlyCount "44"]
[EventDate "2004.10.24"]
[EventType "team-tourn"]
[EventRounds "9"]
[EventCountry "GER"]
[SourceTitle "EXT 2006"]
[Source "ChessBase"]
[SourceDate "2005.11.24"]
[SourceVersion "1"]
[SourceVersionDate "2005.11.24"]
[SourceQuality "1"]
[WhiteTeam "Jever"]
[BlackTeam "Oldenburg Union"]
[WhiteTeamCountry "GER"]
[BlackTeamCountry "GER"]

1. e4 e6 2. d4 d5 3. Nc3 Bb4 4. e5 Ne7 5. Nf3 c5 6. a3 Bxc3+ 7. bxc3 Nbc6 8. a4 Qa5 9. Qd2 cxd4 10. cxd4 Qxd2+ 11. Kxd2 Na5 12. Ba3 Bd7 13. Bb4 Nec6 14. Bd6 Rc8 15. Bd3 f6 16. h4 Nd8 17. h5 Nf7 18. h6 g6 19. Bb4 Nc4+ 20. Bxc4 Rxc4 21. c3 fxe5 22. Nxe5 Nxe5 1/2-1/2

[Event "Dresden ZMD op"]
[Site "Dresden"]
[Date "2003.08.02"]
[Round "9"]
[White "Gazic, Josip"]
[Black "Schnur, Gerhard"]
[Result "1/2-1/2"]
[WhiteElo "2306"]
[BlackElo "2137"]
[PlyCount "146"]
[EventDate "2003.07.25"]
[EventType "swiss"]
[EventRounds "9"]
[EventCountry "GER"]
[SourceTitle "EXT 2004"]
[Source "ChessBase"]
[SourceDate "2003.11.25"]
[SourceVersion "1"]
[SourceVersionDate "2003.11.25"]
[SourceQuality "1"]

1. e4 e6 2. d4 d5 3. e5 c5 4. f4 Qb6 5. Nf3 Bd7 6. f5 Nc6 7. fxe6 Bxe6 8. Nc3 cxd4 9. Nb5 a6 10. Nbxd4 Nxd4 11. Nxd4 Bc5 12. c3 Ne7 13. Nxe6 Qxe6 14. Bf4 0-0 15. Qe2 Ng6 16. g3 Rfe8 17. 0-0-0 Nxe5 18. Kb1 Ng6 19. Qc2 Nxf4 20. gxf4 Rad8 21. Qg2 b5 22. Bd3 h6 23. h4 Qf6 24. h5 b4 25. Bc2 bxc3 26. Rxd5 Qb6 27. b3 Qb4 28. Rxd8 Rxd8 29. Qf3 Be7 30. Rg1 Bf6 31. Rd1 Rxd1+ 32. Bxd1 Qd4 33. Bc2 Qg1+ 34. Qd1 Qc5 35. Qh1 Bd8 36. Qf3 Qg1+ 37. Qd1 Qb6 38. a3 a5 39. Ka2 Kf8 40. Qd7 Qc7 41. Qf5 Bf6 42. Qe4 Bd8 43. b4 axb4 44. axb4 Be7 45. Kb3 Bd6 46. f5 Be5 47. Qd5 Bf6 48. b5 Be5 49. Qe4 Qc5 50. Qc4 Qxc4+ 51. Kxc4 Ke7 52. Kd5 Kf6 53. b6 Bb8 54. Kd4 Kg5 55. Kxc3 Kxh5 56. Kd4 Kg5 57. Ke4 g6 58. Bb3 gxf5+ 59. Kf3 Kf6 60. Bc4 h5 61. Bb3 Kg6 62. Bd5 f6 63. Be6 Kg5 64. Bc8 h4 65. Bd7 h3 66. Bc6 f4 67. Ba8 Kf5 68. Bb7 Ke5 69. Ba8 Kd4 70. Ke2 Kc5 71. Bf3 Kxb6 72. Bg4 h2 73. Bf3 Kc5 1/2-1/2

[Event "Dresden ZMD op"]
[Site "Dresden"]
[Date "2003.07.30"]
[Round "6"]
[White "Schnur, Gerhard"]
[Black "Kiessling, Andreas"]
[Result "1-0"]
[WhiteElo "2137"]
[BlackElo "1938"]
[PlyCount "67"]
[EventDate "2003.07.25"]
[EventType "swiss"]
[EventRounds "9"]
[EventCountry "GER"]
[SourceTitle "EXT 2004"]
[Source "ChessBase"]
[SourceDate "2003.11.25"]
[SourceVersion "1"]
[SourceVersionDate "2003.11.25"]
[SourceQuality "1"]

1. d4 Nf6 2. c4 g6 3. Nc3 Bg7 4. e4 d6 5. Be2 0-0 6. Bg5 h6 7. Be3 Nbd7 8. Qd2 Kh7 9. f3 c5 10. d5 a6 11. a4 Ne5 12. Ra3 Qb6 13. a5 Qc7 14. g4 Ng8 15. h4 Bd7 16. Nh3 b5 17. axb6 Qxb6 18. Na2 a5 19. Nf2 Bc8 20. f4 Nd7 21. Nc3 Qb4 22. h5 Nb6 23. hxg6+ fxg6 24. f5 Nxc4 25. Bxc4 Qxc4 26. fxg6+ Kxg6 27. g5 Be5 28. Qd1 Bf4 29. Ra4 Qa6 30. Qh5+ Kh7 31. Bxf4 Rxf4 32. gxh6 Rf6 33. Rg1 Bd7 34. Qg5 1-0

[Event "Dresden ZMD op"]
[Site "Dresden"]
[Date "2003.07.28"]
[Round "4"]
[White "Schnur, Gerhard"]
[Black "Winkelmann, Elena"]
[Result "1-0"]
[WhiteElo "2137"]
[BlackElo "1643"]
[PlyCount "97"]
[EventDate "2003.07.25"]
[EventType "swiss"]
[EventRounds "9"]
[EventCountry "GER"]
[SourceTitle "EXT 2004"]
[Source "ChessBase"]
[SourceDate "2003.11.25"]
[SourceVersion "1"]
[SourceVersionDate "2003.11.25"]
[SourceQuality "1"]

1. d4 Nf6 2. c4 e5 3. e3 Bb4+ 4. Bd2 Bxd2+ 5. Nxd2 exd4 6. exd4 0-0 7. Bd3 d5 8. Ne2 dxc4 9. Bxc4 Nc6 10. Nb3 Bf5 11. 0-0 a6 12. Ng3 Bg6 13. Rc1 Ne4 14. Nxe4 Bxe4 15. Nc5 Bg6 16. Nxb7 Qxd4 17. Qxd4 Nxd4 18. Rfd1 Ra7 19. Nc5 Nb5 20. a4 Nd6 21. Bxa6 Ne4 22. Bb5 c6 23. Bxc6 Nxc5 24. Rxc5 Rc7 25. b4 h6 26. h3 Rfc8 27. Rdc1 Kf8 28. Bb7 Rxc5 29. Rxc5 Rxc5 30. bxc5 Ke7 31. a5 Kd7 32. a6 Kc7 33. f4 Bd3 34. Kf2 Bb5 35. Ke3 Ba4 36. Kd4 f6 37. h4 Bb3 38. Kc3 Be6 39. Kb4 Bd7 40. Ka5 Be8 41. Kb4 Bd7 42. Ka5 Be8 43. Bd5 Bc6 44. Bxc6 Kxc6 45. Kb4 g5 46. g3 g4 47. Kc4 h5 48. Kd4 Kc7 49. Kd5 1-0

[Event "Dresden ZMD op"]
[Site "Dresden"]
[Date "2003.07.25"]
[Round "1"]
[White "Wichmann, Cliff"]
[Black "Schnur, Gerhard"]
[Result "1/2-1/2"]
[WhiteElo "2329"]
[BlackElo "2137"]
[PlyCount "69"]
[EventDate "2003.07.25"]
[EventType "swiss"]
[EventRounds "9"]
[EventCountry "GER"]
[SourceTitle "EXT 2004"]
[Source "ChessBase"]
[SourceDate "2003.11.25"]
[SourceVersion "1"]
[SourceVersionDate "2003.11.25"]
[SourceQuality "1"]

1. d4 d5 2. c4 Nc6 3. Nc3 Nf6 4. Nf3 e6 5. Bg5 dxc4 6. e3 Be7 7. Bxc4 0-0 8. 0-0 a6 9. Qe2 Nd5 10. Bxe7 Nxc3 11. bxc3 Qxe7 12. e4 b6 13. e5 Bb7 14. Bd3 b5 15. Qe4 g6 16. Qe3 Kg7 17. a4 b4 18. a5 bxc3 19. Be4 Rab8 20. Qxc3 Nb4 21. Nd2 Nd5 22. Qc2 Rfc8 23. Rfc1 Nf4 24. Bxb7 Rxb7 25. Ne4 Rcb8 26. Qd2 Nd5 27. Nc5 Rb2 28. Rc2 Rb1+ 29. Rxb1 Rxb1+ 30. Rc1 Rb5 31. Nxa6 Qa3 32. g3 Rb2 33. Qe1 Qf3 34. Nxc7 Nf4 35. gxf4 1/2-1/2

[Event "BL2-Nord 0102"]
[Site "Germany"]
[Date "2002.03.17"]
[Round "7.7"]
[White "Schnur, Gerhard"]
[Black "Schilow, Wladimir"]
[Result "0-1"]
[WhiteElo "2150"]
[BlackElo "2364"]
[PlyCount "140"]
[EventDate "2001.10.07"]
[EventType "team-tourn"]
[EventRounds "9"]
[EventCountry "GER"]
[SourceTitle "CBM 088 Extra"]
[Source "ChessBase"]
[SourceDate "2002.07.01"]
[SourceVersion "2"]
[SourceVersionDate "2002.07.01"]
[SourceQuality "1"]
[WhiteTeam "Oldenburg Union"]
[BlackTeam "Kreuzberg"]
[WhiteTeamCountry "GER"]
[BlackTeamCountry "GER"]

1. d4 d6 2. c4 e5 3. e3 g6 4. Nc3 Bg7 5. Nf3 Nd7 6. Be2 Ngf6 7. 0-0 0-0 8. b3 Qe7 9. Bb2 e4 10. Nd2 Re8 11. Qc2 Nf8 12. Rac1 c6 13. b4 h5 14. d5 N8h7 15. dxc6 bxc6 16. c5 dxc5 17. b5 Bb7 18. bxc6 Bxc6 19. Nb5 Red8 20. Rfd1 Rab8 21. Qxc5 Qxc5 22. Rxc5 Bxb5 23. Rxb5 Rxb5 24. Bxb5 Ng4 25. Bxg7 Kxg7 26. Be2 f5 27. Nb3 Rxd1+ 28. Bxd1 Ne5 29. Be2 h4 30. Nd4 Nf6 31. Ba6 Nd5 32. Bb7 Nc3 33. a3 a5 34. Nc6 Nxc6 35. Bxc6 Nb1 36. a4 Nd2 37. f3 exf3 38. gxf3 g5 39. Kf2 Nc4 40. e4 Kf6 41. exf5 Kxf5 42. Bb5 Nd6 43. Bd7+ Kf4 44. Bc6 Nf5 45. Bd7 Ne3 46. Bc6 Nc4 47. Bd5 Nb2 48. Bc6 Nd3+ 49. Ke2 Ne5 50. Bb7 Nc4 51. Kf2 Ke5 52. Ba6 Kd4 53. Bb5 Ne5 54. Be8 Kd3 55. Bb5+ Kd2 56. Ba6 Nd3+ 57. Kg2 Nc5 58. Bb5 Ke3 59. Bc6 Nd3 60. Bb7 Ne1+ 61. Kh3 Kf4 62. Bc8 Nd3 63. Kg2 Ke3 64. Bb7 Ne5 65. Kh3 Kf2 66. Bd5 Kg1 67. Bb7 Nd3 68. Kg4 Kxh2 69. Kxg5 h3 70. Bc8 Nc5 0-1

[Event "Bad Woerishofen op 17th"]
[Site "Bad Woerishofen"]
[Date "2001.??.??"]
[Round "7"]
[White "Hutter, Otto"]
[Black "Schnur, Gerhard"]
[Result "0-1"]
[WhiteElo "2210"]
[BlackElo "2144"]
[PlyCount "112"]
[EventDate "2001.03.15"]
[EventType "swiss"]
[EventRounds "9"]
[EventCountry "GER"]
[SourceTitle "CBM 081 Extra"]
[Source "ChessBase"]
[SourceDate "2001.05.06"]
[SourceVersion "1"]
[SourceVersionDate "2001.05.06"]
[SourceQuality "1"]

1. Nf3 Nf6 2. d4 g6 3. e3 Bg7 4. Be2 d5 5. Nbd2 0-0 6. Ne5 Nbd7 7. f4 Nxe5 8. fxe5 Ne4 9. Nxe4 dxe4 10. 0-0 f5 11. exf6 exf6 12. c4 c6 13. Bd2 Be6 14. b4 f5 15. Be1 Qg5 16. Qd2 Rad8 17. Rf4 Qf6 18. Rh4 Rxd4 19. Qc2 Rd7 20. Rb1 g5 21. Rh5 Bf7 22. Rh3 g4 23. Rh4 Qg5 24. Qc1 Rfd8 25. h3 Rd2 26. Bxd2 Qxh4 27. Be1 g3 28. Bc3 Qg5 29. Bxg7 Qxg7 30. Qe1 Qe5 31. Rd1 Rxd1 32. Qxd1 Kg7 33. Qe1 b6 34. a3 c5 35. bxc5 bxc5 36. a4 Qd6 37. Qc1 Kf6 38. Qc3+ Qe5 39. Qc1 h6 40. Qe1 Be8 41. a5 Ba4 42. Qd2 Ke7 43. Qe1 Bc2 44. Qc1 Bd3 45. Kf1 f4 46. exf4 Qd4 47. Qe1 Bxc4 48. Qxg3 Qd1+ 49. Kf2 Qxe2+ 50. Kg1 e3 51. Qg7+ Kd8 52. Qf8+ Kd7 53. Qg7+ Kc6 54. Qg6+ Kb5 55. Qe8+ Kxa5 56. Qd8+ Kb4 0-1

[Event "Bayern-chI Bank Hofmann 4th"]
[Site "Bad Wiessee"]
[Date "2000.11.01"]
[Round "5"]
[White "Barthel, Ansgar"]
[Black "Schnur, Gerhard"]
[Result "1/2-1/2"]
[WhiteElo "2236"]
[BlackElo "2124"]
[PlyCount "48"]
[EventDate "2000.10.28"]
[EventType "swiss"]
[EventRounds "9"]
[EventCountry "GER"]
[SourceTitle "EXT 2003"]
[Source "ChessBase"]
[SourceDate "2002.11.25"]
[SourceVersion "1"]
[SourceVersionDate "2002.11.25"]
[SourceQuality "1"]

1. e4 e6 2. d4 d5 3. Nc3 Bb4 4. e5 c5 5. a3 Bxc3+ 6. bxc3 Ne7 7. h4 h5 8. Nf3 Nbc6 9. Bd3 Nf5 10. dxc5 Qa5 11. Qd2 Bd7 12. 0-0 0-0-0 13. Re1 Rde8 14. Bb2 Qxc5 15. Qf4 Nh6 16. Qg5 Ng4 17. Qd2 f6 18. Bg6 Rd8 19. exf6 gxf6 20. a4 Nge5 21. Nxe5 Nxe5 22. Bd3 Rhg8 23. Qe3 Nxd3 24. cxd3 Qxe3 1/2-1/2